GATE: (Record no. 174084)

MARC details
000 -LEADER
fixed length control field 00537nam a22001937a 4500
005 - DATE AND TIME OF LATEST TRANSACTION
control field 20200317113536.0
010 ## - LCCN (DPL NO)
LC control number ENG-128073
020 ## - INTERNATIONAL STANDARD BOOK NUMBER
International Standard Book Number 9789389347364
Terms of availability 795.00
035 ## - SYSTEM CONTROL NUMBER
System control number EN-111605
037 ## - SOURCE OF ACQUISITION
Source of stock number/acquisition DBAD/PUB
082 ## - DEWEY DECIMAL CLASSIFICATION NUMBER
Classification number 621
100 ## - MAIN ENTRY--PERSONAL NAME
Personal name Sharma,D.P
245 ## - TITLE STATEMENT
Title GATE:
Statement of responsibility, etc by D.P. Sharma
Remainder of title Mechanical engineering/
250 ## - EDITION STATEMENT
Edition statement 2nd.
260 ## - PUBLICATION, DISTRIBUTION, ETC. (IMPRINT)
Place of publication, distribution, etc Delhi
Name of publisher, distributor, etc PHI Learning
Date of publication, distribution, etc 2020
270 ## - ADDRESS
Address 111,Patparganj Industrial Estate
City Delhi
Postal code 110092
300 ## - PHYSICAL DESCRIPTION
Extent various pages
Dimensions 28cm(pbk)
942 ## - ADDED ENTRY ELEMENTS (KOHA)
Source of classification or shelving scheme Dewey Decimal Classification
Item type English Books
Classification part 621
Call number suffix SHA
Holdings
Withdrawn status Lost status Not for loan Collection code Home library Current library Date acquired Source of acquisition Cost, normal purchase price Full call number Barcode Copy number Cost, replacement price Koha item type
      Non-fiction Central Library Central Library 17/03/2020 DBAD/PUB 795.00 621 SHA EN-111605 1 795.00 English Books

© Delhi Public Library
Hit Counter
free hit counter